00576nam a2200193Ia 450000500170000000800410001702000150005808200080007310000140008124500780009525000090017326000410018230000120022365000140023565000140024994200060026395200980026999900150036720240605004744.0240331s9999 xx 000 0 und d a8186962476 bPAT aPathak, A 0aSocial implications of schooling :bknowledge, pedagogy and consciousness a1 st aIndiabRainbow Publishers Ltd c2002 a260 p., aEducation aSociology cL 001040708LaWERCLbWERCLcSSCd2024-03-31l0o 370.71 PATp4728r2024-03-31w2024-03-31yL c2934d2934